Score 0/60 Timer 10:00
2 Plays Today
% Correct
Gimli
95.5%
Balin
94.1%
Bifur
92.5%
Bofur
92.4%
Gloin
92.4%
Bilbo
92.3%
Frodo
92%
Dwalin
91.9%
Legolas
91.5%
Pippin
91%
Fili
91%
Kili
90.8%
Sam
90.6%
Merry
90.1%
Galadriel
90%
Thorin
90%
Bombur
89.8%
Nori
89.3%
Dori
89.2%
Oin
88.9%
Ori
88.7%
Aragorn
88.5%
Boromir
86.3%
Smaug
86.2%
Treebeard
83.8%
Shadowfax
82.3%
Sauron
82.2%
Shelob
79.2%
Celeborn
75.3%
Gandalf
73.6%
% Correct
Dáin II
72.7%
Thranduil
72.6%
Glorfindel
72.5%
Saruman
71.1%
Snowmane
71%
Uglúk
70.6%
Denethor II
69.1%
Radagast
67.5%
Isildur
67.3%
Grishnákh
65.6%
Gorbag
64.5%
Haldir
62.7%
Déagol
59%
Círdan
58.1%
Gil-galad
58%
Bert
57.3%
Shagrat
54.4%
Morgoth
54.3%
Durin's Bane
51.7%
William
50.3%
Gwaihir
50.1%
Tom
49%
Elendil
47.2%
Gothmog
45.4%
Ungoliant
44.3%
Alatar
43.8%
Arod
35.5%
Pallando
34.5%
Glaurung
33.5%
Mauhúr
30.9%
Remove Ads.
Support Sporcle.
Get the best of Sporcle when you Go Orange. This ad-free experience offers more features, more stats, and more fun while also helping to support Sporcle. Thank you for becoming a member.

You're not logged in!

Compare scores with friends on all Sporcle quizzes.
OR
Log In

Sporcle TV

Today on Sporcle TV


Watch our educational content, quiz creation guides, and fun videos on Sporcle TV.

Show Comments

Extras

Top Quizzes Today


Score Distribution

Paid Content

Your Account Isn't Verified!

In order to create a playlist on Sporcle, you need to verify the email address you used during registration. Go to your Sporcle Settings to finish the process.

Report this User

Report this user for behavior that violates our Community Guidelines.

Details: